<?xml version="1.0" encoding="UTF-8"?>
<record
    xmlns:xsi="http://www.w3.org/2001/XMLSchema-instance"
    xsi:schemaLocation="http://www.loc.gov/MARC21/slim http://www.loc.gov/standards/marcxml/schema/MARC21slim.xsd"
    xmlns="http://www.loc.gov/MARC21/slim">

  <leader>01247nam a22003017a 4500</leader>
  <controlfield tag="001">113286</controlfield>
  <controlfield tag="003">DR-UNIBE</controlfield>
  <controlfield tag="005">20250313101410.0</controlfield>
  <controlfield tag="008">250305b2013    xxu||||| |||| 00| 0 eng d</controlfield>
  <datafield tag="020" ind1=" " ind2=" ">
    <subfield code="a">9781451686586</subfield>
  </datafield>
  <datafield tag="040" ind1=" " ind2=" ">
    <subfield code="a">BIBLIOTECA UNIBE</subfield>
    <subfield code="c">BIBLIOTECA UNIBE</subfield>
    <subfield code="e">rda</subfield>
    <subfield code="b">spa</subfield>
  </datafield>
  <datafield tag="041" ind1=" " ind2=" ">
    <subfield code="a">eng</subfield>
  </datafield>
  <datafield tag="082" ind1=" " ind2=" ">
    <subfield code="2">22</subfield>
    <subfield code="a">658.83 B496c</subfield>
  </datafield>
  <datafield tag="100" ind1="1" ind2="0">
    <subfield code="a">Berger, Jonah</subfield>
    <subfield code="9">168694</subfield>
    <subfield code="e">autor</subfield>
  </datafield>
  <datafield tag="245" ind1="1" ind2="0">
    <subfield code="a">Contagious : </subfield>
    <subfield code="b">why things catch on /</subfield>
    <subfield code="c">Jonah Berger</subfield>
  </datafield>
  <datafield tag="260" ind1=" " ind2=" ">
    <subfield code="a">New York : </subfield>
    <subfield code="b">Simon &amp; Schuster, </subfield>
    <subfield code="c">2013</subfield>
  </datafield>
  <datafield tag="300" ind1=" " ind2=" ">
    <subfield code="a">viii, 244 pages :</subfield>
    <subfield code="c">21 x 13  cm</subfield>
  </datafield>
  <datafield tag="490" ind1=" " ind2=" ">
    <subfield code="a">Simon &amp; Schuster Paperbacks</subfield>
  </datafield>
  <datafield tag="500" ind1=" " ind2=" ">
    <subfield code="a">Comentarios sobre la obra al inicio y en la contraportada y datos del autor. Incluye agradecimientos, notas e  &#xED;ndice</subfield>
  </datafield>
  <datafield tag="504" ind1=" " ind2=" ">
    <subfield code="a">Incluye bibliograf&#xED;a</subfield>
  </datafield>
  <datafield tag="505" ind1=" " ind2=" ">
    <subfield code="a">Introductions: why thing catch on |
1. Social currency |
2. Triggers |
3. Emotion |
4. Public |
5, Practical value |
6. Stories |
Epilogue |
Acknowledgments |
Notes |
Index
</subfield>
  </datafield>
  <datafield tag="650" ind1=" " ind2="7">
    <subfield code="2">lemb</subfield>
    <subfield code="a">Investigaci&#xF3;n de mercados</subfield>
  </datafield>
  <datafield tag="650" ind1=" " ind2="7">
    <subfield code="2">lemb</subfield>
    <subfield code="a">Comportamiento del consumidor</subfield>
  </datafield>
  <datafield tag="650" ind1=" " ind2="7">
    <subfield code="2">lemb</subfield>
    <subfield code="a">Nuevos productos</subfield>
    <subfield code="9">3000</subfield>
  </datafield>
  <datafield tag="700" ind1="1" ind2="0">
    <subfield code="a">Wiseman, Ben</subfield>
    <subfield code="9">192625</subfield>
    <subfield code="e">dise&#xF1;ador de cubierta</subfield>
  </datafield>
  <datafield tag="710" ind1="1" ind2="0">
    <subfield code="a">Getty Images</subfield>
    <subfield code="9">192626</subfield>
    <subfield code="e">fotograf&#xED;a de cubierta</subfield>
  </datafield>
  <datafield tag="942" ind1=" " ind2=" ">
    <subfield code="2">ddc</subfield>
    <subfield code="c">BK</subfield>
  </datafield>
  <datafield tag="999" ind1=" " ind2=" ">
    <subfield code="c">113286</subfield>
    <subfield code="d">113286</subfield>
  </datafield>
  <datafield tag="952" ind1=" " ind2=" ">
    <subfield code="0">0</subfield>
    <subfield code="1">0</subfield>
    <subfield code="2">ddc</subfield>
    <subfield code="7">0</subfield>
    <subfield code="8">GEN</subfield>
    <subfield code="a">Principal</subfield>
    <subfield code="d">2025-03-05</subfield>
    <subfield code="l">0</subfield>
    <subfield code="o">658.83 B496c</subfield>
    <subfield code="p">250109</subfield>
    <subfield code="r">2025-03-05 14:14:09</subfield>
    <subfield code="t">Ej. 1</subfield>
    <subfield code="w">2025-03-05</subfield>
    <subfield code="y">BK</subfield>
  </datafield>
</record>
